CMAS 2009. Computational Modelling and Advanced Simulations : International Conference. Bratislava, Slovak Republic, 30.6.- 3.7.2009 /

Na minha lista:
Detalhes bibliográficos
Outros Autores: Murín, Justín, 1951- (Editor), Kutiš, Vladimír, 1975- (Editor), Ďuriš, Rastislav, 1971- (Editor)
Formato: Livro
Idioma:inglês
Publicado em: Bratislava : STU v Bratislave FEI, 2009
Assuntos:
Tags: Adicionar Tag
Sem tags, seja o primeiro a adicionar uma tag!

MARC

LEADER 00000nam a22000003a 4500
001 stu187311
005 20230314132216.8
008 090713s2009----xo------------------eng-d
020 |a 978-80-227-3067-9 
040 |a STU  |b slo 
041 0 |a eng 
044 |a xo 
080 |a 004.414.23 
100 1 |a Murín, Justín,  |d 1951-  |4 edt  |u E020  |U FEI Fakulta elektrotechniky a informatiky  |T FEI Ústav elektroenergetiky a aplikovanej elektrotechniky  |X 1830  |U E020  |Y 548  |7 A000001830 
245 1 |a CMAS 2009. Computational Modelling and Advanced Simulations :  |b International Conference. Bratislava, Slovak Republic, 30.6.- 3.7.2009 /  |c Ed.: Murín, J. a i. 
260 |a Bratislava :  |b STU v Bratislave FEI,  |c 2009 
300 |a 153 s 
650 7 |a počítačové modelovanie  |2 stusub 
700 1 |a Kutiš, Vladimír,  |d 1975-  |4 edt  |u E020  |U FEI Fakulta elektrotechniky a informatiky  |T FEI Ústav elektroenergetiky a aplikovanej elektrotechniky  |X 1879  |U E020  |Y 548  |7 A000001879 
700 1 |a Ďuriš, Rastislav,  |d 1971-  |4 edt  |u M2000  |U MTF Materiálovotechnologická fakulta  |T MTF Ústav výrobných systémov a aplikovanej mechaniky  |X 4163  |U M2000  |Y 82  |7 A000004163 
996 |b 284EO00182  |c E*O-182  |l EE0102  |s P  |a 0  |w stu187311_0001 
996 |b 284EO00183  |c E*O-183  |l EE0104  |s P  |a 0  |w stu187311_0002